| 000 | 00356nmm a2200145 a 4500 | ||
|---|---|---|---|
| 003 | AR-BaBNM | ||
| 005 | 20251128203139.0 | ||
| 008 | 063119s1939 ||||||||||||||000 | spa|| | ||
| 040 | _cAR-BaBNM | ||
| 100 | 1 | _aOrtiz, Alfredo C. | |
| 245 | 1 | 0 |
_aLegislación del trabajo _n1 |
| 260 |
_a[S.l.] _bLa cita estudiantil _c1939 |
||
| 942 | _cBK | ||
| 998 | _cArchipretre | ||
| 999 |
_c2127 _d2127 |
||